The anti-politics machine : (Record no. 8265)

MARC details
000 -LEADER
fixed length control field 00848nam a22001577a 4500
008 - FIXED-LENGTH DATA ELEMENTS--GENERAL INFORMATION
fixed length control field 190813b ||||| |||| 00| 0 eng d
020 ## - INTERNATIONAL STANDARD BOOK NUMBER
International Standard Book Number 9780816624379
082 ## - DEWEY DECIMAL CLASSIFICATION NUMBER
Classification number 338.1 FER
100 ## - MAIN ENTRY--PERSONAL NAME
Personal name Ferguson, James.
245 ## - TITLE STATEMENT
Title The anti-politics machine :
Remainder of title "development," depoliticization, and bureaucratic power in Lesotho
260 ## - PUBLICATION, DISTRIBUTION, ETC.
Place of publication, distribution, etc. Minneapolis :
Name of publisher, distributor, etc. University of Minnesota Press,
Date of publication, distribution, etc. 1994.
300 ## - PHYSICAL DESCRIPTION
Extent xvi, 320 p. :
Other physical details ill. ;
Dimensions 23 cm.
500 ## - GENERAL NOTE
General note Originally published: Cambridge ; New York : Cambridge University Press, 1990.<br/>Includes bibliographical references (p. 304-313) and index.
650 ## - SUBJECT ADDED ENTRY--TOPICAL TERM
Topical term or geographic name entry element Thaba Tseka Rural Development Program. Rural development projects--Lesotho--Case studies. Bureaucracy--Lesotho. Decentralization in government--Lesotho. Lesotho--Economic conditions--1966- Lesotho--Politics and government--1966
942 ## - Added entry Elements (Koha)
Source of classification or shelving scheme Dewey Decimal Classification
Holdings
Withdrawn status Lost status Source of classification or shelving scheme Damaged status Not for loan Collection code Home library Current library Shelving location Date acquired Serial Enumeration / chronology Total Checkouts Total Renewals Full call number Barcode Date last seen Date last checked out Price effective from Koha item type Cost, normal purchase price
    Dewey Decimal Classification     Main TEST RTC Library RTC Library Main opac 13/08/2019 14244 2 1 338.1 FER 30014860 03/11/2023 04/10/2023 13/08/2019 Main  
    Dewey Decimal Classification     Main TEST RTC Library RTC Library Main opac 10/09/2021 16207 2 5 338.1 FER 30015193 03/11/2023 04/10/2023 10/09/2021 Main 1721.00
    Dewey Decimal Classification     Main TEST RTC Library RTC Library Main opac 10/09/2021 16208 1 8 338.1 FER 30015182 08/12/2023 07/08/2023 10/09/2021 Main 1721.00
    Dewey Decimal Classification     Main TEST RTC Library RTC Library Main opac 10/09/2021 16209 3 4 338.1 FER 30015213 08/12/2023 03/12/2023 10/09/2021 Main 1721.00
Royal Thimphu College || All Right Reserved